• 首页
  • 本馆介绍
  • 公告通知
  • 最新文献
  • 馆藏检索
  • 电子资源
  • 读者导购
  • 参考咨询
  • 我的图书馆
  • 登录
  • 详细信息显示
  • 放入我的书架
  • 预约/预借图书
  • 作者相关作品
  • 分类相关作品
  • 丛书相关作品
  • 出版社相关作品

书目信息

  • 表格格式
  • 工作单格式
  • 卡片格式
题名:
管理中的时间运筹
    
 
作者: 梦砚 主编
分册:  
出版信息: 北京   解放军出版社  1988.9
页数: 310页
开本: 19厘米
丛书名: 管理者丛书
单 册:
中图分类: C935
科图分类: 29.154
主题词: 时间--管理
电子资源:
ISBN: 7-5065-0621-1
000 00819nam2 2200265 45
001 0190016667
005 20070707161450.98
010    @a7-5065-0621-1@dCNY2.95
100    @a19921223d1988 em y0chiy0121 ea
101 0  @achi
102    @aCN@b110000
105    @ay z 000yy
200 10 @a管理中的时间运筹@AGUAN LI ZHONG DE SHI JIAN YUN CHOU@f梦 砚等主编@FMENG YAN DENG ZHU BIAN
210    @a北京@c解放军出版社@d1988.9
215    @a310页@d19厘米
225 2  @a管理者丛书@f赵 宏主编
330    @a本书从最易浪费时间的琐事入手,向读者阐明了节约时间的好处。
410  0 @120010@a管理者丛书
540 1  @a管理 时间 运筹@AGUAN LI SHI JIAN YUN CHOU
606    @a时间@x管理
690    @aC935@v三版
692    @a29.154
701  0 @a梦砚@AMENG YAN@4主编
801  0 @aCN@bTSSF@c20070707
905    @a10447@dC935@e348
    
    管理中的时间运筹/梦 砚等主编.-北京:解放军出版社,1988.9
    310页;19厘米.-(管理者丛书/赵 宏主编)
    
    
    ISBN 7-5065-0621-1:CNY2.95
    本书从最易浪费时间的琐事入手,向读者阐明了节约时间的好处。
●
相关链接 在E读中查询图书 在五车中查询图书 在当当中查询图书 在豆瓣中查询图书


正题名:管理中的时间运筹     索取号:C935/348         预约/预借

序号 登录号 条形码 馆藏地/架位号 状态 备注
1 0766962   207669628   第一样本阅览室/ [索取号:C935/348] 在馆    
唐山师范学院图书馆 欢迎您!
大连网信软件有限公司© 版权所有